000 00654nam a22002057a 4500
005 20251108174838.0
008 250721s2010 xx 000 0 ara d
082 1 4 _a658/فيا
100 1 _aفياض، محمود
_eمؤلف
245 1 0 _aمبادئ الإدارة 2(وظائف المنظمة) /
246 1 1 _aprinciples of management (2) (function of oraganization)
264 1 _aعمان :
_bدار صفاء للنشر،
_c2010.
300 _a298ص.
650 1 7 _aالإدارة
650 1 7 _aإدارة الأعمال
700 1 _aقدادة، عيسى
_eمؤلف
700 1 _aعليان، ربحي
942 _2ddc
_cBK
999 _c119606
_d119606